Statistics for Stroop Test

Click here to take the quiz!

General Stats

  • This quiz has been taken 74 times
  • The average score is 20 of 30

Answer Stats

WordColor (of the word)% Correct
RedGreen
100%
BlackRed
98%
OrangeYellow
98%
BluePink
96%
PinkBlue
93%
RedRed
93%
PurpleGreen
91%
YellowPurple
89%
GreenYellow
87%
PinkBlue
83%
BlackOrange
83%
YellowRed
80%
OrangeBlack
78%
GreenPurple
78%
RedPink
76%
BlueYellow
72%
PurpleBlack
67%
PinkOrange
59%
RedPurple
52%
YellowBlue
48%
GreenPink
46%
PurpleRed
43%
PinkBlack
41%
OrangeBlue
41%
RedGreen
39%
GreenYellow
39%
BlueOrange
33%
BlackPink
30%
GreenRed
30%
OrangeBlack
28%

Score Distribution

Percentile by Number Answered

Percent of People with Each Score

Your Score History

You have not taken this quiz